Carbon black from scrap tyres (Record no. 55108)

MARC details
000 -LEADER
fixed length control field 00359nam a2200145Ia 4500
100 ## - MAIN ENTRY--AUTHOR NAME
Personal name Arens Hendrik
245 #0 - TITLE STATEMENT
Title Carbon black from scrap tyres
260 ## - PUBLICATION, DISTRIBUTION, ETC. (IMPRINT)
Name of publisher Polymers & Tyre Asia
Year of publication 2015
300 ## - PHYSICAL DESCRIPTION
Number of Pages 54-55
500 ## - GENERAL NOTE
General note Source Year: 2015
650 ## - SUBJECT ADDED ENTRY--TOPICAL TERM
Topical Term Carbon black
650 ## - SUBJECT ADDED ENTRY--TOPICAL TERM
Topical Term Scrap tyres
942 ## - ADDED ENTRY ELEMENTS (KOHA)
Koha item type Journals
Holdings
Withdrawn status Lost status Damaged status Not for loan Home library Current library Shelving location Date acquired Serial Enumeration / chronology Koha item type
      Journals RRII Library RRII Library Rubber technology 01/01/2021 Volume 6, Issue 3 Journals